| 000 | 00633nam a2200217 u 4500 | ||
|---|---|---|---|
| 005 | 20240228064253.0 | ||
| 008 | 170119s2009 r 000 0 eng d | ||
| 020 | _a9788448828936 | ||
| 035 | _aUPN01000215418 | ||
| 049 | _aI | ||
| 050 | 4 |
_aPZ78 _bT7.6 |
|
| 100 | 1 |
_aTrastos, Juan _940070 |
|
| 245 | 1 | 0 |
_aJulia y Julio / _cJuan Trastos ; il. Oriol Malet. |
| 260 |
_aBarcelona, Esp. : _bBeascoa, _c2009. |
||
| 300 |
_a24 p. : _bil. col. |
||
| 440 | 0 | _aPequeños cuentos desobedientes | |
| 650 | 4 |
_aLibros y lectura para niños _92290 |
|
| 650 | 4 |
_aAMOR - _vLITERATURA INFANTIL _911101 |
|
| 905 | _aInfantil | ||
| 999 |
_c187518 _d187518 |
||